00460nam a22001457a 4500003000500000038001800005082000800023100001600031245009600047264003700143300001200180650002500192700004000217856005700257NUST aNusrat Nadeem a200 aNiaz, Anum  aMachine Learning based Short Term Electric Load Forecasting for Domestic Users /cAnum Niaz aIslamabad :bSEECS, NUST,c2022. a72 p. ; aMS-Computer Science  aSupervisor: Dr. Hashir Moheed Kiani uhttp://10.250.8.41:8080/xmlui/handle/123456789/29959